| 000 | 00653nam a2200205 4500 | ||
|---|---|---|---|
| 005 | 20260407132314.0 | ||
| 008 | 260407b |||||||| |||| 00| 0 eng d | ||
| 020 | _a9780692988701 | ||
| 050 |
_aRT737 _b.G84 2018 |
||
| 100 | _aGuerrasio, Jeannette. | ||
| 245 | _aRemediation of the struggling medical learner / | ||
| 260 |
_aUSA _b Association for Hospital Medical Education _c2018 |
||
| 300 |
_axiv,253 pages: _c23 cm |
||
| 500 | _aincludes bibliographical references and index | ||
| 650 | _aMedical education. | ||
| 650 |
_aMedical students _xEducation. |
||
| 650 | _aClinical competence. | ||
| 650 | _aRemedial teaching. | ||
| 942 |
_2lcc _cBK |
||
| 999 |
_c60329 _d60329 |
||